Concise applied thermodynamics : theory, worked examples, problems (Record no. 12084)

000 -LEADER
fixed length control field 00476nam a22001697a 4500
008 - FIXED-LENGTH DATA ELEMENTS--GENERAL INFORMATION
fixed length control field 210119b ||||| |||| 00| 0 eng d
082 00 - DEWEY DECIMAL CLASSIFICATION NUMBER
Classification number 621.4021
Item number P5581
100 ## - MAIN ENTRY--PERSONAL NAME
9 (RLIN) 4318
Personal name Phillips
245 10 - TITLE STATEMENT
Title Concise applied thermodynamics : theory, worked examples, problems
250 ## - EDITION STATEMENT
Edition statement 1st ed.
260 ## - PUBLICATION, DISTRIBUTION, ETC. (IMPRINT)
Place of publication, distribution, etc London
Name of publisher, distributor, etc D.Van Nostrand Company LTD
Date of publication, distribution, etc 1966
300 ## - PHYSICAL DESCRIPTION
Extent xii,302 p.
365 ## - TRADE PRICE
Unit of pricing 18.90
650 #0 - SUBJECT ADDED ENTRY--TOPICAL TERM
Topical term or geographic name as entry element Thermodynamics
700 ## - ADDED ENTRY--PERSONAL NAME
9 (RLIN) 1000
Personal name Owen
942 ## - ADDED ENTRY ELEMENTS (KOHA)
Item type Books
Holdings
Withdrawn status Lost status Source of classification or shelving scheme Damaged status Not for loan Permanent location Current location Date acquired Source of acquisition Full call number Barcode Date last seen Koha item type
          IMU Kolkata IMU Kolkata 1969-09-29 Das Gupta & Co 621.4021 P5581 03406 2021-01-19 Books
Designed and Maintained by IMU-KC Library, Kolkata Campus © Copyright All Rights Reserved

webs counters

Powered by Koha